000 01145nam a22002897a 4500
005 20210325175311.0
008 s2540 th tha d
041 _atha
050 _aHD37 ศ463อ 2540
100 0 _aศิริพร พงศ์ศรีโรจน์
245 1 0 _aองค์การและการจัดการ / ศิริพร พงศ์ศรีโรจน์ [6th]
246 _aOrganization and management
260 3 _aนนทบุรี :
_bมหาวิทยาลัยธุรกิจบัณฑิตย์,
_c2540
300 _a282 หน้า ; ภาพประกอบ ;
_b 27 ซม.
650 0 4 _aการควบคุม
650 0 4 _aการจัดการองค์การ
650 0 4 _aการบริหาร
650 0 4 _aการวางแผน
650 0 4 _aผู้นำ
650 0 4 _aผู้บังคับบัญชา
650 0 4 _aมนุษยสัมพันธ์
650 0 4 _aองค์การ
850 _aNALT
942 _cGB
997 _c000000000006368
998 _aVSINEE MUNKLAD
999 _c6368
_d6368